Regions Bordering Russia Map Quiz - Statistics

General Stats
  • This quiz has been taken 339 times
  • The average score is 16 of 54
Answers on the Map
Answers color-coded by a green-red scale on the quiz's map according to % correct below.
 
Answer Stats
Answer % Correct
Abkhazia
71%
Lapland
71%
Donetsk
70%
Xinjiang
61%
Inner Mongolia
60%
East Kazakhstan
55%
Kharkiv
55%
Troms og Finnmark
52%
Luhansk
51%
North Karelia
50%
North Kazakhstan
49%
Gomel
48%
Kherson
48%
South Karelia
47%
Klaipėda
46%
West Kazakhstan
46%
Vitebsk
44%
Sumy
39%
Chernihiv
38%
Mogilev
38%
Jilin
36%
Heilongjiang
34%
Tartu
34%
Warmian-Masurian
33%
North Ostrobothnia
31%
Aktobe
28%
Latgallia
28%
Marijampolė
26%
Atyrau
25%
Pavlodar
24%
Ida-Viru
22%
Kainuu
22%
Kymen-Laakso
21%
Võru
21%
Jõgeva
19%
Põlva
17%
Tauragė
16%
Kostanay
14%
Rason
14%
Mtskheta-Mtianeti
13%
Bayan-Ulgii
11%
Guba-Khachmaz
11%
Kakheti
11%
Uvs
11%
Dornod
10%
Racha-Lechkhumi and Kvemo Svaneti
10%
Khuvsgul
9%
Zavkhan
9%
Bulgan Orkhon
8%
Samegrelo-Zemo Svaneti
8%
Shida Kartli
8%
Selenge
7%
Shaki-Zaqatala
7%
Khentii
4%
No matching quizzes found
Score Distribution
Percent of People with Each Score
Percentile by Number Answered
Your Score History
You have not taken this quiz